LEADER 01090nam0-22003491i-450- 001 990002022100403321 005 20021010 035 $a000202210 035 $aFED01000202210 035 $a(Aleph)000202210FED01 035 $a000202210 100 $a20021010d--------km-y0itay50------ba 101 0 $aita 200 1 $aMembracoidea$eSection II.$fZ.P. Metcalf, Virginia Wade. 210 $aRaleigh$cNorth Carolina State University$d1965 215 $a807 p.$d23 cm 225 1 $a<>supplement to fascicle - Membracidae of the General Catalogue of the Hemiptera$v1 suppl 300 $a1 : Membracidae (Cont.) 2 : Aetalionidae 3 : Biturritiidae 4 : Nicomiidae 610 0 $aMembracoidea 610 0 $aRinchota Homoptera 610 0 $aRincoti Auchenorinchi 676 $a595.752 700 1$aMetcalf,$bZeno P.$085747 702 1$aWade,$bVirginia$f<1945- > 801 0$aIT$bUNINA$gRICA$2UNIMARC 901 $aBK 912 $a990002022100403321 952 $a61 IV F.7/06.1.5$b2038$fDAGEN 959 $aDAGEN 996 $aMembracoidea$9405265 997 $aUNINA DB $aING01 LEADER 01901oam 2200541M 450 001 9910716364503321 005 20200213070600.2 035 $a(CKB)5470000002520489 035 $a(OCoLC)1065921657 035 $a(OCoLC)995470000002520489 035 $a(EXLCZ)995470000002520489 100 $a20071213d1926 ua 0 101 0 $aeng 135 $aurcn||||||||| 181 $ctxt$2rdacontent 182 $cc$2rdamedia 183 $acr$2rdacarrier 200 10$aLeslie Warnick Brennan. May 6, 1926. -- Committed to the Committee of the Whole House and ordered to be printed 210 1$a[Washington, D.C.] :$c[U.S. Government Printing Office],$d1926. 215 $a1 online resource (13 pages) 225 1 $aSenate report / 69th Congress, 1st session. Senate ;$vno. 764 225 1 $a[United States congressional serial set ] ;$v[serial no. 8528] 300 $aBatch processed record: Metadata reviewed, not verified. Some fields updated by batch processes. 300 $aFDLP item number not assigned. 606 $aClaims 606 $aCompensation (Law) 606 $aCompensation (Law)$zChina 606 $aMilitary training camps 606 $aMilitary training camps$xSounds 606 $aMotion pictures 608 $aLegislative materials.$2lcgft 615 0$aClaims. 615 0$aCompensation (Law) 615 0$aCompensation (Law) 615 0$aMilitary training camps. 615 0$aMilitary training camps$xSounds. 615 0$aMotion pictures. 701 $aMeans$b Rice William$f1877-1949$pRepublican (CO)$01386800 801 0$bWYU 801 1$bWYU 801 2$bOCLCO 801 2$bOCLCQ 801 2$bOCLCO 801 2$bOCLCQ 906 $aBOOK 912 $a9910716364503321 996 $aLeslie Warnick Brennan. May 6, 1926. -- Committed to the Committee of the Whole House and ordered to be printed$93448186 997 $aUNINA LEADER 03221nas 2200733- 450 001 9910874588103321 005 20230131213021.0 011 $a0840-7789 035 $a(OCoLC)225567459 035 $a(CKB)5280000000213322 035 $a(CONSER)--2018200080 035 $a(EXLCZ)995280000000213322 100 $a20060803a19889999 --- a 101 0 $aeng 135 $aur||||||||||| 181 $ctxt$2rdacontent 182 $cc$2rdamedia 183 $acr$2rdacarrier 200 10$aConference proceedings /$fCanadian Conference on Electrical and Computer Engineering ; sponsored by the Canadian Society for Electrical Engineering = Compte rendu du congrés / Congrés canadien en génie électrique et informatique ; sous le patronage de la Sociétè canadienne de génie électrique 210 1$aMontréal :$cSociétè Canadienne de Génie Électrique,$d[1988]- 210 31$a<2001-> :$aPiscataway, NJ :$cIEEE 300 $aSome issues have also a distinctive theme title. 300 $aIssue for 1989 published by Transport Canada, Transportation Development Centre; issues for 1990- published by the society under its later name: Canadian Society for Electrical and Computer Engineering. 300 $aOrder of English and French titles on title page varies. 300 $aEach conference held in cooperation with some other organization. 311 $a2576-7046 517 1 $aCanadian Conference on Electrical and Computer Engineering 517 1 $aCCECE 517 1 $aCompte rendu du congrés 531 $aIEEE CANADIAN CONFERENCE ON ELECTRICAL AND COMPUTER ENGINEERING PROCEEDINGS 531 $aCANADIAN CONFERENCE ON ELECTRICAL AND COMPUTER ENGINEERING 531 $aCONFERENCE PROCEEDINGS - CANADIAN CONFERENCE ON ELECTRICAL & COMPUTER ENGINEERING 531 0 $aConf. proc. 606 $aElectronics$vCongresses 606 $aComputer engineering$vCongresses 606 $aElectrical engineering$vCongresses 606 $aGénie électrique$zCanada$xCongrès 606 $aInformatique$zCanada$xCongrès 606 $aIngénierie des systèmes$xCongrès 606 $aElectrical engineering$2fast$3(OCoLC)fst01728596 606 $aComputer engineering$2fast$3(OCoLC)fst00872078 606 $aElectronics$2fast$3(OCoLC)fst00907538 608 $aConference papers and proceedings.$2fast 608 $aPeriodicals.$2fast 615 0$aElectronics 615 0$aComputer engineering 615 0$aElectrical engineering 615 6$aGénie électrique$xCongrès. 615 6$aInformatique$xCongrès. 615 6$aIngénierie des systèmes$xCongrès. 615 7$aElectrical engineering. 615 7$aComputer engineering. 615 7$aElectronics. 676 $a621 676 $a621.3/05 712 02$aCanadian Society for Electrical and Computer Engineering, 712 02$aTransportation Development Centre (Canada), 712 02$aInstitute of Electrical and Electronics Engineers.$bCanadian Region, 712 02$aInstitution of Electrical Engineers, 712 02$aCanadian Society for Electrical Engineering, 906 $aCONFERENCE 912 $a9910874588103321 996 $aConference proceedings$91885867 997 $aUNINA